Quizzes
Events
Quiz Creation
Community
Videos
Private Events
Remove Ads
Sign In
Join for FREE
Feedback
Dark Mode
Quiz Categories
Sports
Geography
Music
Movies
Television
Just For Fun
Miscellaneous
History
Literature
Language
Science
Gaming
Entertainment
Religion
Holiday
For Kids
Quiz Lab
Recent
Popular Today
Quiz Kudos Today
Editor Picks
Curator Picks
Quizzes by...
Day
Popularity
Type
Ratings
Length
Year
Community
Subscriptions
Recent Discussions
Orange Saloon
Badges
Playlists
Quests
Create
Leaderboards
Showdown
Live 5
Trivia Bingo
Activity
Puzzle Library
Sporcle Events
Private Events
Virtual Trivia
Globe League
Become a Host
Pub Owners
SporcleCon
Opinionation
Our Games
Videos
Blog
Mobile Apps
Partnerships
Remove Ads and Go Orange
Feedback
Holiday
Halloween
Christmas
Holiday Songs
April Fools'
Thanksgiving
Valentine's Day
Easter
St Patrick's Day
National Holiday
Religious Holiday
Holiday
Halloween
Christmas
Holiday Songs
April Fools'
Thanksgiving
Valentine's Day
Easter
St Patrick's Day
National Holiday
Religious Holiday
Random Quiz
Search Sporcle
×
Quiz Lab
Quiz Lab
Holiday
month
Type in answers that appear in a list
Type in answers that appear in a list
Classic
Best Score? Go Orange.
Oen event in each month Stats
Can you name the biggest event in each month?
By
jackson_og
8m
12 Questions
38 Plays
38 Plays
38 Plays
Comments
Comments
Give Quiz Kudos
Give Quiz Kudos
-
- Ratings
hide this ad
Forced Order
Answers have to be entered in order
Answers have to be entered in order
Replay
Link that replays current quiz
Next Quiz
Link to next quiz in quiz playlist
You Got
0%
They Got
Avg Score
45%
Avg Friend Score
Upgrade to see
Score Distribution
Jump to the score distribution portion of the page
Score
0/12
Timer
08:00
0
Plays Today
Hint
Answer
% Correct
January
new years day
89.5%
December
christmas
78.9%
October
halloween
63.2%
November
thanksgiving
63.2%
march
easter
44.7%
september
labor day
44.7%
june
fathers day
39.5%
april
april fools
34.2%
february
super bowl
28.9%
July
4th of july
23.7%
may
cinco de mayo
18.4%
august
v-j day
18.4%
Quiz Playlist
Details
Report
Send in Message
Add To Playlist
Classic:
Type in answers that appear in a list
Forced Order:
Answers have to be entered in order
Last Updated: Feb 16, 2017
Quiz Scoreboard
CHALLENGE
Sign Up to Join the Scoreboard
Show All
Scores
Hide
Comments
May contain spoilers
Recently Published
Popular People in 1961
by mucciniale
History
6m
1-10 Letter E Words III
by El_Dandy
Language
2m
One Thing in Common: World Cities II
by knightlancer
Geography
7m
More to Explore
Quiz From the Vault
Featured Blog Post
Where Did the Easter Bunny Come From?
hide this ad
You Might Also Like...
Tags
month
Today's Top Quizzes in Holiday
Browse Holiday
hide this ad
Today's Top Quizzes in month
Browse month
Top Contributed Quizzes in Holiday
1
Easter - Did You Know?
2
Holidays Spelling Bee
3
Show What You Know: US Federal Holidays
4
The Holiday Category, A to Z
5
10 to 1: Ramadan
6
Europapark rides
7
The 3rd thing you need to know: Halloween
8
Find the movie in SKYLINE PICTURE
9
Purim Crossword
10
Order the Chinese Zodiac Animals
Explore More
Trending Topics
Marvel
Disney
Kpop
Harry Potter
Crossword
Anime
NBA
Soccer
Song
Puzzle
NFL
Country
WWE
The Office
Pokémon
hide this ad
More By:
jackson_og
Quiz
Plays
Rating
Category
Featured
Created
2016 rap albums
265
1.00
Music
Jul 22, 2016
Can you name the tracks on Drakes 'More Life'?
220
2.33
Music
Mar 24, 2017
Popular 2016 rap albums
212
2.00
Music
Dec 12, 2016
Rap albums from Jan 1st- April 7th 2017
199
1.00
Music
Apr 7, 2017
royals playoff 2015
179
1.00
Sports
Jul 21, 2016
Go to Creator's Profile
Score Distribution
Quiz Creator Spotlight
jackson_og
Follow
Send a Message
Quizzes Created
-
Created Quiz Play Count
-
More By This Creator
Popular Quizzes Today
1
Find the US States - No Outlines Minefield
2
Find the Countries of Europe - No Outlines Minefield
3
The Countries of the World
4
Popular People in 1961
5
1-10 Letter E Words III
6
Find the US States
7
US States
8
One Thing in Common: World Cities II
More Holiday Quizzes
Which October Holiday?
Editor's Pick
Trending Quizzes
Risky Map Clicking: Least Populous States A-Z
1-10 Letter F Words
1-10 Letter G Words
One Thing in Common: United Kingdom
Risky Map Clicking: Next State Alphabetically
Recently Updated
Leaping Animals
pecheneg
Reality TV Shows (A-Z)
bhenderson79
Rickey Henderson's Hall of Fame Teammates
pecheneg
Champions League XIs: Arsenal
pecheneg
Quick Pick: Celebrities in WWE's Hall of Fame
aduchscher
A-Z Keypad Blitz II
pecheneg
Multiple Oscar Actors
pecheneg
Mystery Phrase Blitz: Oscar 'Best Actors'
pecheneg
F. Scott Fitzgerald Novels
LTH
Pick 3 Villains
ddd62291
Trending Topics
Crossword
Kpop
Anime
Disney
NBA
Marvel
Harry Potter
Country
Soccer
Puzzle
Song
The Office
Pokémon
WWE
NFL
Your Account Isn't Verified!
In order to create a playlist on Sporcle, you need to verify the email address you used during registration. Go to your
Sporcle Settings
to finish the process.
Report this User
Report this user for behavior that violates our
Community Guidelines
.
Details:
Send Report
Go to the Sporcle.com Mobile Site →
Comments